[Event "Gashimov Memorial 3rd"]
[Site "Shamkir"]
[Date "2016.05.27"]
[Round "2"]
[White "Eljanov, Pavel"]
[Black "Caruana, Fabiano"]
[Result "0-1"]
[WhiteElo "2765"]
[BlackElo "2804"]
[Annotator "Roiz,M"]
[PlyCount "90"]
[EventDate "2016.05.26"]
[EventType "tourn"]
[EventRounds "9"]
[EventCountry "AZE"]
[EventCategory "20"]
[SourceTitle "CBM 173"]
[Source "ChessBase"]
[SourceDate "2016.07.12"]
[SourceVersion "1"]
[SourceVersionDate "2016.07.12"]
[SourceQuality "1"]

1. d4 Nf6 2. c4 g6 3. Nc3 d5 4. Nf3 Bg7 5. Bg5 Ne4 6. Bf4 Nxc3 7. bxc3 c5 8. e3
O-O 9. Be2 {Pavel employs an extremely rare idea in the well-known theoretical
position.} ({Fabiano has successfully solved all the problems in the endgame
which may arise after} 9. cxd5 cxd4 10. cxd4 Qxd5 11. Be2 Qa5+ 12. Qd2 Qxd2+
13. Kxd2 Nc6 14. Rhc1 Rd8 15. Rc5 (15. Ke1 Bf5 16. a3 Rac8 17. h3 h5 $11 {
Karjakin,S (2762)-Caruana,F (2796) Skopje MKD 2015}) 15... Bf5 16. Rac1 Be4 17.
Bd3 Bd5 18. Bc4 Bxf3 19. gxf3 Nxd4 20. exd4 Rxd4+ 21. Ke3 Rxf4 22. Kxf4 Bh6+
23. Rg5 Kf8 24. Kg4 f6 25. f4 fxg5 26. fxg5 Bg7 $11 {Kramnik,V (2769)-Caruana,
F (2829) London ENG 2014}) 9... dxc4 10. Bxc4 Nd7 {This move was played after
a long period of meditation. Black is trying to exploit the somewhat
vulnerable placement of both White's bishops.} ({Liquidating into a similar
endgame by means of} 10... cxd4 11. cxd4 Qa5+ 12. Qd2 Qxd2+ 13. Kxd2 Nc6 14.
Rab1 b6 15. Rhc1 Bf5 16. Bd3 $14 {Dubov,D (2661)-Grigoriants,S (2603) Berlin
GER 2015, didn't offer Black a full equality.}) 11. O-O Nb6 12. Bb3 $146 {
This natural retreat is a novelty and a clear improvement} ({over one
preceding game:} 12. Qb3 Nxc4 13. Qxc4 cxd4 14. cxd4 Be6 15. Qb4 Bd5 $11 {
Hackner,O (2119)-Balaji,A (1973) Ascot 2014}) 12... c4 $1 {This advance makes
the play less concrete compared to the usual ''Grünfeld stuff''.} ({The
immediate} 12... Nd5 {is well met by} 13. Be5 $1 {, and then the ''greedy''}
Nxc3 14. Qc2 cxd4 15. Bxg7 Kxg7 16. Nxd4 Nd5 17. Rfd1 Qa5 18. Rac1 {would put
Black under strong pressure.}) 13. Bc2 Nd5 14. Qd2 Nxf4 (14... Qa5 15. Be4 Nxf4
16. exf4 $14 {leads to the same character of play, but here the situation is
somewhat better for White.}) 15. exf4 {Liquidating the powerful dark-squared
bishop is a definite achivement for Black. However, the space advantage and
superiority in the centre still make White's position quite promising.} Be6 {
The bishop is heading to d5 in order to consolidate Black's position.} 16. a4
$6 {Pavel deviates from simplifying the position, but the centralised Bd5
would be too strong.} ({Instead, the correct} 16. Be4 $1 Bd5 17. Bxd5 Qxd5 18.
a4 e6 19. Rfb1 $14 {would offer White a small, but stable advantage.}) 16...
Bd5 17. Ne5 e6 $11 18. Rfb1 {Compared to the above-mentioned note, it is much
more difficult for White to make any progress on the queenside.} Rb8 {This
move is connected with a concrete plan of creating a passer.} ({Another
reasonable way of handling the position was} 18... Qc7 19. f3 f6 20. Ng4 Rad8
$11) 19. Qe3 a6 20. a5 {The most natural response - it definitely makes sense
to separate the pawns.} (20. Be4 b5 21. Rb4 Qd6 22. axb5 axb5 23. Ra5 f6 24.
Nf3 Qd7 $11) 20... b5 21. axb6 Rxb6 22. g3 {This move isn't a real mistake,
but it makes the monarch feel uncomfortably.} ({Possibly, a safer approach
would be} 22. Be4 $5 Bxe5 23. fxe5 a5 24. Rc1 Rb3 25. Ra4 Qa8 26. f3 $11) 22...
Rxb1+ 23. Rxb1 Bxe5 24. Qxe5 Qa8 $5 {An ambitious choice. The queen is going
to support the a-passer and disturb the opponent's king.} (24... Qa5 25. Be4
Qxc3 26. Bxd5 exd5 27. Qxd5 $11) 25. h4 Bh1 26. Kf1 {The king is moving to the
centre. The limited material balance doesn't allow Black to develop a powerful
attack yet.} h5 {Caruana's monarch is also somewhat exposed, so he sensibly
takes care of it.} 27. Ke1 a5 ({White is OK after} 27... Qf3 28. Qe3 $11) 28.
Ra1 ({It was possible to force a draw by means of:} 28. Kd2 a4 29. Bxg6 fxg6
30. Qxe6+ Kg7 31. Qe7+ Rf7 32. Qe5+ Kh6 33. Rb8 Qe4 34. Qh8+ Rh7 35. Qf8+ Rg7
36. Qh8+ $11) 28... Qg2 29. Rxa5 (29. Qe2 Rb8 30. Qxc4 Rb2 31. Ra2 {leaves
Black nothing better than forcing a perpetual:} Qg1+ 32. Ke2 Bf3+ $1 33. Kxf3
Qh1+ 34. Ke3 (34. Ke2 Qe4+ $11) 34... Qc1+ 35. Kf3 Qh1+ $11) 29... Qg1+ 30. Ke2
Bg2 31. Qe3 {Objectively, White is still able to maintain the balance after
this move, but the initiative is definitely on Black's side now.} ({Once again,
it made sense to call it a day with} 31. Bxg6 $1 Qf1+ 32. Kd2 Qxf2+ 33. Kc1
fxg6 34. Qxe6+ Kh8 35. Rxh5+ gxh5 36. Qh6+ Kg8 37. Qg6+ $11) 31... Rb8 32. Ra2
{A sad necessity. All White's pieces are doomed to a passive defence.} Bh3 33.
Kd2 Bf5 {Exchanging the bishops would expose the light squares in White's camp,
so it's getting more shaky.} 34. Qe1 Qg2 35. Bxf5 $2 {Opening-up the e-file
yields Black additional attacking resourses.} ({It was necessary to sit and
wait:} 35. Qe2 Bxc2 36. Rxc2 Rb1 37. Rc1 Rb3 38. Rc2 $11 {and it looks like
Black cannot make any progress.}) 35... exf5 36. Kc2 $2 {Being under strong
time pressure, Pavel fails to defend properly and makes a decisive mistake.} (
36. Rc2 Rb6 37. Rc1 Re6 38. Qf1 Qf3 $17) 36... Qb7 $2 {Returning the favour.} (
{The precise} 36... Qf3 $1 {would win on the spot:} 37. Qe3 (37. Kc1 Rb3 38.
Rc2 Ra3 39. Kb1 Qa8 $19) 37... Qh1 38. Rb2 Ra8 $19) 37. Kd2 Qg2 38. Kc1 $2 ({
Once again,} 38. Rc2 {would be the only way to stay in the game.}) 38... Qf3 $1
{This time Fabiano doesn't miss the chance.} 39. Rc2 (39. Rb2 Ra8 40. Kb1 Ra6
$19) 39... Ra8 40. Qe2 ({Nor does} 40. Kb1 {offer any hope:} Ra6 41. Ra2 Re6
42. Qc1 Qb7+ 43. Ka1 Qe7 $19) 40... Qh1+ 41. Kd2 Ra1 $19 {White is paralysed.
The remaining few moves were just an agony.} 42. Qe8+ Kg7 43. Qe5+ Kh7 44. Qe2
Rb1 45. f3 Rg1 {White cannot avoid the loss of his queen.} ({Another
possibility was} 45... Qg1 46. d5 Qxg3 $19) 0-1

[Event "Gashimov Memorial 3rd"]
[Site "Shamkir"]
[Date "2016.06.04"]
[Round "9"]
[White "Karjakin, Sergey"]
[Black "Caruana, Fabiano"]
[Result "1/2-1/2"]
[WhiteElo "2779"]
[BlackElo "2804"]
[Annotator "Besenthal,K"]
[PlyCount "67"]
[EventDate "2016.05.26"]
[EventType "tourn"]
[EventRounds "9"]
[EventCountry "AZE"]
[EventCategory "20"]
[SourceTitle "CBM 173"]
[Source "ChessBase"]
[SourceDate "2016.07.12"]
[SourceVersion "1"]
[SourceVersionDate "2016.07.12"]
[SourceQuality "1"]

1. e4 e5 2. Nf3 Nc6 3. Bb5 a6 4. Ba4 Nf6 5. O-O Nxe4 6. d4 b5 7. Bb3 d5 8. dxe5
Be6 9. Nbd2 Nc5 10. c3 {Diagramm [#] Die bekannte Stellung, die sich fast im
Wochenrhythmus auf den internationalen Top-Turnieren bewundern lässt...} Be7 (
{Mit} 10... d4 11. Bxe6 Nxe6 12. cxd4 Ncxd4 {hätte sich etwas mehr Spannung
erhalten lassen, doch die Initiative hätte bei Weiß gelegen.}) 11. Bc2 d4 12.
Nb3 d3 13. Nxc5 dxc2 14. Qxd8+ Rxd8 15. Nxe6 fxe6 16. Be3 Rd5 17. Rfc1 Nxe5 18.
Nxe5 Rxe5 19. Rxc2 Rd5 20. c4 Rd7 21. cxb5 axb5 22. a4 bxa4 23. Kf1 Kf7 24.
Rxa4 Rb8 25. Rac4 c5 26. Bxc5 Bxc5 27. Rxc5 Rd1+ 28. Ke2 Rb1 29. g3 R1xb2 {
Diagramm [#] Das wars dann...} 30. Rxb2 Rxb2+ 31. Kf3 Rb3+ 32. Ke2 Rb2+ 33. Kf3
Rb3+ 34. Ke2 {Gemäß der Regeln für dieses Turnier ist ein Remis vor dem 40.
Zug eigentlich "verboten", doch in dieser Position wird der Schiedsrichter ein
Einsehen gehabt haben.} 1/2-1/2

[Event "Paris GCT rapid"]
[Site "Paris"]
[Date "2016.06.10"]
[Round "7"]
[White "Aronian, Levon"]
[Black "Caruana, Fabiano"]
[Result "1-0"]
[WhiteElo "2792"]
[BlackElo "2804"]
[Annotator "Besenthal,K"]
[PlyCount "119"]
[EventDate "2016.06.09"]
[EventType "tourn (rapid)"]
[EventRounds "9"]
[EventCountry "FRA"]
[EventCategory "22"]
[SourceTitle "CBM 173"]
[Source "ChessBase"]
[SourceDate "2016.07.12"]
[SourceVersion "1"]
[SourceVersionDate "2016.07.12"]
[SourceQuality "1"]

1. Nf3 d5 2. c4 d4 3. b4 f6 4. Na3 e5 5. Nc2 c5 6. bxc5 Bxc5 7. d3 Nc6 8. g3
Nge7 9. Bg2 O-O 10. O-O Be6 11. Nd2 f5 12. Rb1 b6 13. Ba3 Bxa3 14. Nxa3 Rc8 15.
Qa4 Qd7 16. Nb5 a5 17. Qa3 Nb4 18. Nf3 Ng6 19. Ng5 Kh8 20. Nxe6 Qxe6 21. Qb2 f4
22. Na3 Rf6 23. Nc2 Nxc2 24. Qxc2 h5 25. Kh1 h4 26. g4 f3 27. Bxf3 Rcf8 28. Bd5
Qxg4 29. Rg1 Qh5 30. f3 Nf4 31. Be4 Nh3 32. Rg2 Qh6 33. c5 Rc8 34. Qa4 Rf7 {
Diagramm [#]} 35. Qb3 $2 Rf6 ({Mit} 35... Rxc5 $1 {hätte Caruana Aronjans
Fehler bestrafen können.}) 36. Qb5 Rfc6 $2 {Will den "schrecklichen" Le4
loswerden und dabei für die Qualität noch einen Bauern einstecken, doch das
hätte nicht funktionieren dürfen.} (36... Nf4 {war besser.}) 37. Bxc6 Rxc6 {
Diagramm [#]} 38. Rf1 $2 (38. Qxb6 $3 {gewinnt:} Rxb6 39. cxb6 Qd6 40. b7 Qb8
41. Rg6) 38... Rxc5 $2 {Noch ein Fehler. Weiß gewinnt jetzt ein wichtiges
Tempo und kommt dadurch mächtig in die Vorwärtsbewegung.} (38... Kh7 {
hätte dies vermieden, z.B.} 39. Rg4 ({Oder} 39. cxb6 Rc1 40. Rfg1 $11) 39...
Rxc5 40. Qd7 Qf6 $14) 39. Qe8+ Kh7 40. Qd7 Nf4 41. Rg4 Nxe2 (41... Qf6 42. Rfg1
) 42. Qe7 Rc1 43. Rxh4 Rxf1+ 44. Kg2 Nf4+ 45. Kxf1 Nh5 46. Qxe5 Qc1+ 47. Qe1
Qc5 48. Kg1 g6 49. Rg4 Nf6 50. Rg2 Nd5 51. Qh4+ Kg7 52. Qg5 Qc6 53. Qe5+ Kh7
54. Rg4 Nf6 55. Qe7+ Kh6 56. Qf8+ Kh7 57. Qf7+ Kh8 58. Rxg6 Qc1+ 59. Kg2 Qc2+
60. Kh3 1-0

[Event "Paris GCT rapid"]
[Site "Paris"]
[Date "2016.06.10"]
[Round "9"]
[White "Caruana, Fabiano"]
[Black "Nakamura, Hikaru"]
[Result "0-1"]
[WhiteElo "2804"]
[BlackElo "2787"]
[Annotator "Besenthal,K"]
[PlyCount "110"]
[EventDate "2016.06.09"]
[EventType "tourn (rapid)"]
[EventRounds "9"]
[EventCountry "FRA"]
[EventCategory "22"]
[SourceTitle "CBM 173"]
[Source "ChessBase"]
[SourceDate "2016.07.12"]
[SourceVersion "1"]
[SourceVersionDate "2016.07.12"]
[SourceQuality "1"]

1. Nf3 Nf6 2. g3 d5 3. Bg2 e6 4. O-O Be7 5. c4 O-O 6. b3 c5 7. e3 d4 8. exd4
cxd4 9. d3 Nc6 10. Qe2 Nd7 11. Nbd2 e5 12. Ne4 Re8 13. a3 a5 14. Rb1 h6 15. g4
Nf8 16. g5 hxg5 17. Nexg5 Bf5 18. c5 Ng6 19. b4 axb4 20. axb4 Qd7 21. Re1 Bf8
22. Qc2 b5 23. Qb3 Ra6 24. h4 Bg4 25. Re4 Bf5 26. Re1 Bg4 27. Re4 Nd8 28. Bd2
Kh8 29. h5 Bxh5 30. Bh3 f5 31. Kg2 Nf4+ 32. Bxf4 exf4 33. Rxf4 g6 34. Rxd4 Qb7
35. Qd5 Qxd5 36. Rxd5 Nc6 37. Nd4 Nxd4 38. Rxd4 Kg7 39. Rc1 Re7 40. c6 Kf6 41.
f4 Rc7 42. Nh7+ Kg7 43. Rd7+ Rxd7 44. cxd7 Be7 {Diagramm [#] Weiß hatte in
dieser Stellung allerbeste Perspektiven, doch die Partie entgleitet ihm in der
Folge total.} 45. Re1 $2 ({Mit} 45. Rc7 $1 {hätte Caruana wohl sogar gewonnen.
}) 45... Kf7 46. Ng5+ Bxg5 47. fxg5 Rd6 48. Re5 Rxd7 49. Rxb5 Rxd3 50. Rb6 Bf3+
51. Kh2 Be4 52. Bf1 Rd1 53. Bc4+ Kg7 {Diagramm [#] Die Stellung ist vollkommen
ausgeglichen...} 54. b5 $4 {... und dann das! Nakamura riecht den Braten
sofort:} (54. Kg3 $1) 54... f4 $1 55. Kh3 Bf3 $1 0-1

[Event "Paris GCT blitz"]
[Site "Paris"]
[Date "2016.06.12"]
[Round "10"]
[White "Nakamura, Hikaru"]
[Black "Caruana, Fabiano"]
[Result "1/2-1/2"]
[WhiteElo "2787"]
[BlackElo "2804"]
[PlyCount "112"]
[EventDate "2016.06.11"]
[EventType "tourn (blitz)"]
[EventRounds "18"]
[EventCountry "FRA"]
[EventCategory "22"]
[SourceTitle "CBM 173"]
[Source "ChessBase"]
[SourceDate "2016.07.12"]
[SourceVersion "1"]
[SourceVersionDate "2016.07.12"]
[SourceQuality "1"]

1. c4 e6 2. Nc3 d5 3. d4 Be7 4. Nf3 Nf6 5. Bf4 O-O 6. e3 Nbd7 7. c5 Ne4 8. Be2
c6 9. Qc2 f5 10. Ne5 Bf6 11. Nxd7 Bxd7 12. f3 Ng5 13. Bd3 Nf7 14. O-O g6 15.
Rad1 e5 16. dxe5 Nxe5 17. e4 fxe4 18. fxe4 Qe7 19. exd5 Qxc5+ 20. Kh1 cxd5 21.
Nxd5 Qxd5 22. Bxe5 Rac8 23. Bc3 Bxc3 24. bxc3 Bc6 25. Rfe1 Qg5 26. Be4 Bxe4 27.
Qxe4 Rc7 28. c4 Rcf7 29. h3 Qg3 30. c5 Kg7 31. Qd4+ Kh6 32. Qd2+ Qg5 33. Qxg5+
Kxg5 34. Rb1 Rc7 35. Re5+ Rf5 36. Re4 Rfxc5 37. Kh2 h5 38. a4 Rc2 39. Rb3 Kh6
40. Re6 R2c6 41. Rxb7 Rxe6 42. Rxc7 Ra6 43. Rc4 Kg5 44. Kg3 Kf5 45. Kh4 Ra5 46.
Rb4 Kf6 47. Kg3 g5 48. Kf3 Rf5+ 49. Ke3 Re5+ 50. Kd3 h4 51. Rg4 Kf5 52. Rb4 Re1
53. Rb5+ Kf4 54. Rb4+ Kf5 55. Rb5+ Kf4 56. Rb4+ Kf5 1/2-1/2

[Event "Leuven GCT rapid"]
[Site "Leuven"]
[Date "2016.06.17"]
[Round "3"]
[White "Caruana, Fabiano"]
[Black "Anand, Viswanathan"]
[Result "1/2-1/2"]
[WhiteElo "2804"]
[BlackElo "2770"]
[Annotator "Besenthal,K"]
[PlyCount "113"]
[EventDate "2016.06.17"]
[EventType "tourn (rapid)"]
[EventRounds "9"]
[EventCountry "BEL"]
[EventCategory "22"]
[SourceTitle "CBM 173"]
[Source "ChessBase"]
[SourceDate "2016.07.12"]
[SourceVersion "1"]
[SourceVersionDate "2016.07.12"]
[SourceQuality "1"]

1. Nf3 d5 2. c4 d4 3. b4 f6 4. e3 e5 5. c5 a5 6. Qa4+ Bd7 7. b5 Bxc5 8. Bc4 {
Diagramm [#]} Bg4 $4 {Mit dieser "Neuerung" stellt Anand glatt eine Figur ein.}
(8... Ne7 $11) 9. Bxg8 Nd7 {Eigentlich ist die Partie bereits gelaufen, aber
vielleicht hat sich Anand an dieser Stelle an das berühmte Churchill-Zitat
erinnert: "Never, never, never give up!"} (9... Rxg8 10. Qc4 Rh8 11. Qxc5 {
wäre noch schlechter.}) 10. Qb3 Qe7 11. Bc4 a4 12. Qc2 O-O-O 13. O-O Bxf3 14.
gxf3 Nb6 15. d3 f5 16. e4 f4 17. Kh1 Rd6 18. Rg1 Rh6 19. Nd2 Rf8 20. Nf1 Kb8
21. Bd2 {Diagramm [#] Weiß hat seine Mehrfigur, ist aber trotzdem in der
Defensive. Das ist vielleicht der Grund dafür, dass Caruana mit der
Bedenkzeit massiv ins Hintertreffen geraten ist.} Rh3 22. Be6 Rxf3 23. Kg2 Re3
24. Bg4 (24. fxe3 dxe3 25. Bg4 exd2 26. Nxd2 (26. Rh1 $4 Bd4 27. Rd1 Qh4 $19)
26... Bxg1 27. Rxg1 {und Schwarz hätte einen zweiten Bauern für die Figur.})
24... f3+ 25. Kh1 Re2 26. Rg3 Rxf2 27. Kg1 Rg2+ 28. Rxg2 fxg2 29. Ng3 g6 30.
Kxg2 {Diagramm [#] Auch jetzt hat Schwarz schließlich einen weiteren Bauern
erobert. Die weiße Stellung ist weiterhin viel schwerer zu spielen.} h5 31.
Be2 Bb4 32. Rf1 Bxd2 33. Qxd2 Rxf1 34. Nxf1 Qc5 {Schwarz hat mittlerweile
exzellente Chancen, die Partie zu retten: Weiß hat keine aktiven Optionen,
seine Figuren stehen schlecht, die Königsstellung ist offen, diverse Bauern
sind schwach.} 35. Qb2 a3 36. Qb3 Qc1 37. Bd1 Nc8 $6 (37... Qg5+ $1) 38. Qc2
Qa1 39. Qd2 Nd6 40. b6 cxb6 41. Bb3 {Diagramm [#] Die weißen Chancen haben
sich verbessert, denn am Damenflügel kann der Anziehende seine Stellung gut
zusammenhalten, während die schwarzen Bauern am Königsflügel plötzlich
schutzlos dastehen. Aber Anand, mit seinem großen Vorsprung auf der Uhr,
kämpft eisern weiter.} Qb2 42. Kh3 $1 Nb5 43. Kh4 $2 (43. Qg5 $1 $16) 43...
Nc3 44. Kg5 Qb1 45. Ng3 Qg1 (45... Qb2 $1 46. Nf1 $11) 46. Kxg6 h4 47. Qg5 hxg3
48. hxg3 Qe3 49. Qxe5+ Ka7 50. Bc4 b5 $1 51. Qc5+ Ka6 52. Qxa3+ Kb6 53. Qd6+
Ka7 54. Qc5+ Ka6 55. Qd6+ Ka7 56. Qc5+ Ka6 57. Qd6+ 1/2-1/2

[Event "Leuven GCT rapid"]
[Site "Leuven"]
[Date "2016.06.18"]
[Round "6"]
[White "Vachier Lagrave, Maxime"]
[Black "Caruana, Fabiano"]
[Result "1/2-1/2"]
[WhiteElo "2789"]
[BlackElo "2804"]
[Annotator "Marin,M"]
[PlyCount "100"]
[EventDate "2016.06.17"]
[EventType "tourn (rapid)"]
[EventRounds "9"]
[EventCountry "BEL"]
[EventCategory "22"]
[SourceTitle "CBM 173"]
[Source "ChessBase"]
[SourceDate "2016.07.12"]
[SourceVersion "1"]
[SourceVersionDate "2016.07.12"]
[SourceQuality "1"]

1. d4 Nf6 2. c4 e6 3. Nf3 c5 4. d5 d6 5. Nc3 exd5 6. cxd5 g6 7. Nd2 Bg7 8. e4
O-O 9. Be2 Re8 10. O-O Na6 ({Caruana deviates from the other main plan} 10...
Nbd7 {which he had used in Aronian,L (2786)-Caruana,F (2794) Moscow 2016
Mega2016 Update 26 [Marin,M] (1/2-1/2, 30)}) 11. Re1 ({Usually White over
-protects his e4-pawn with f2-f3 in order to free his d2-knight for a move to
c4 as soon as possible. After} 11. f3 Nc7 12. a4 {Black should not use the
same plan as in the game:} Rb8 $2 (12... b6 {so as to meet} 13. Nc4 {with} Ba6
{is the main line.}) 13. Nc4 Bf8 14. Bg5 h6 15. Bh4 g5 16. Bf2 b6 17. Qd2 Nh5
18. g3 $16 {Ftacnik,L (2550)-Pekarek,A (2455) Dortmund 1992 (1-0, 36)}) 11...
Nc7 12. a4 Rb8 $5 (12... b6 {is more typical.}) 13. Bf1 a6 ({Now was the last
moment when Blck could try switching to the usual paths with} 13... b6 {
True, White could avoid the early weakening of the dark squares with f2-f3:}
14. Nc4 Ba6 15. Bg5 Qd7 16. h3 $5 {Yanofsky,D (2460)-Evans,L Siegen 1970 (0-1,
39), keeping f2-f4 as an option.}) 14. a5 {White has partly blocked the
queenside at the cost of conceding the b5-square to Black's minor pieces.} Bd7
15. Nc4 (15. Qb3 {doesn't really prevent} Nb5 $1 16. Nxb5 Bxb5 17. Bxb5 axb5
18. Qxb5 Nxd5 19. Nf3 Nb4 $15 {Timoscenko,G (2504)-Simacek,P (2439) Czechia
2005 (0-1, 89)}) 15... Bb5 ({The main alternative of making use of the
b5-square is} 15... Nb5 {[%csl Gc3,Ge4]} 16. Bg5 (16. f3 $5) 16... h6 17. Bh4
g5 18. Bg3 Nxc3 19. bxc3 Nxe4 20. Nxd6 Nxg3 21. Nxe8 Bxe8 22. hxg3 Bxc3 $13 {
Kuzmin,G (2518)-Simantsev,M (2371) Alushta 2004 (0-1, 54)}) 16. Bf4 $146 (16.
Nb6 {Alfimov,I (1987)-Smajzr,M (2218) Pardubice 2014 (½-½, 45), should not
have been enough for maintaining the queenside stability:} Bxf1 17. Kxf1 Nd7
18. Nc4 Ne5 $36) 16... Bxc4 17. Bxc4 Nh5 ({Probably better than} 17... Nb5 18.
Bg5 $1 (18. f3 Nh5 19. Bxb5 (19. Bd2 Bd4+ 20. Kh1 Qh4 21. Ne2 Bxb2 22. Ra2 Be5
23. f4 Bg7) 19... axb5 20. Be3 b4 21. Na4 f5 22. exf5 Rxe3 23. Rxe3 Bd4 24. Qd2
Qxa5) 18... Nxc3 19. bxc3 h6 20. Bxf6 $1 {[%csl Ge4]} Qxf6 21. Re3 h5 22. g3
$14 {[%cal Gf2f4] With opposite-coloured bishops on the board the central pawn
attack could become dangerous.}) 18. Bd2 b5 19. axb6 Rxb6 $132 {Black has
exchanged one minor piece thus solving his space problems and opening the
b-file for his counterattack.} 20. Ra2 ({The queenside invasion} 20. Na4 Rb8
21. Ba5 {would leave Black a free hand in the centre and on the kingside:} Bd4
22. Qf3 (22. Bxa6 $2 Qh4 23. Bxc7 Bxf2+ 24. Kf1 Bxe1 25. Qxe1 Qxh2 $40) 22...
Nf6 23. Bxa6 Ra8 24. Bxc7 Qxc7 25. Bb5 Nd7 $44 {[%csl Ga4,Gb2] with a perfect
version of the Volga/Benko Gambit.}) 20... Qd7 ({Black must have refrained
from the appealing} 20... Bd4 {because of} 21. Ne2 $5 Rxe4 22. Nxd4 Rxd4 23.
Qc1 $44 {[%csl Gd2,Rg7]}) 21. Be2 Nf6 22. f3 Nh5 {This jumping around with the
knight is typical for the Benoni. Black has to permanently clear space for his
pieces.} 23. Na4 Rbb8 24. Bc3 Bh6 $6 {Too passive.} ({Now was a good moment
for breaking the centre:} 24... f5 25. Bc4 Nb5 $1 (25... fxe4 26. Nxc5 dxc5 27.
d6+ Ne6 28. fxe4 Bxc3 29. bxc3 Nhf4 30. e5 $44) (25... Kh8 26. e5 dxe5 27. Nxc5
) 26. exf5 (26. e5 $2 Nxc3 27. bxc3 Bxe5) 26... Rxe1+ 27. Qxe1 Nxc3 28. Nxc3
Re8 29. Qd2 Bd4+ 30. Kf1 Qxf5 $36) 25. Bc4 Nb5 26. e5 $14 {Suddenly White's
centre becomes annoying but Black has the hope of drawing an opposite-coloured
bishop ending.} Qf5 27. e6 ({The fork} 27. g4 {fails to win a piece after} Qg5)
27... Bf4 28. b3 Nxc3 29. Nxc3 Be5 30. Ne4 {[%csl Gg5,Gh2][%cal Gg2g4,Ya2h2]
White is very active but breaking the fortress built on dark squares will not
be easy.} Nf6 31. Rxa6 Nxe4 32. Rxe4 Ra8 33. Ra4 Qf6 34. f4 $1 {Only
apparently a pawn sacrifice.} Bd4+ (34... Bxf4 $2 35. Qf1 g5 (35... Be5 36.
Qxf6 Bxf6 37. Bb5 $1 {[%cal Ge6e7]} Rxa4 $2 38. exf7+ Kxf7 39. Bxe8+ Kf8 40.
bxa4 $18) 36. g3 $18) 35. Kh1 Rad8 36. Qf3 Re7 37. g3 Qf5 38. Ra2 fxe6 39. g4
Qf8 40. Rxe6 {Refraining from activating the bishop and more or less agreeing
to a draw despite the extra pawn.} ({The critical continuation was} 40. dxe6 d5
41. Rxd4 cxd4 42. Bxd5 $44 d3 {Preparing to return the exchange thus releasing
the suffocating pressure.} (42... Rxd5 $2 43. Qxd5 Qxf4 44. Qd8+ Qf8 45. Ra8
Qxd8 46. Rxd8+ Kg7 47. Rd7 $18 {with a won pawn ending due to White's distant
passer.}) 43. Rd2 Rxd5 44. Qxd5 Qxf4 45. Qd8+ Qf8 46. Qxf8+ Kxf8 47. Rxd3 Rxe6
48. Rd1 Re4 49. h3 Re3 $11) 40... Rf7 41. Re4 Ra8 42. Rxa8 Qxa8 {With just
enough counterplay against White's weakened king position.} 43. Kg2 Qa2+ 44.
Qe2 Qb1 45. Kh3 Qc1 46. Qf3 Kg7 47. Qf1 Qc2 48. Qe2 Qc1 49. Qf1 Qc2 50. Qe2 Qc1
1/2-1/2